| 000 | 01639cam a2200373 a 4500 | ||
|---|---|---|---|
| 999 |
_c1413 _d1413 |
||
| 001 | 2129089 | ||
| 003 | OSt | ||
| 005 | 20221229115549.0 | ||
| 008 | 180910s2016 onca j 001 0 eng | ||
| 020 |
_a9781910549858 _q(pbk.) |
||
| 020 |
_a1910549851 _q(pbk.) |
||
| 040 |
_aNDHU _beng _c. _dKH8 |
||
| 042 | _anbic | ||
| 082 | _a620.11 OWE | ||
| 100 | 1 |
_aOwen, Ruth, _d1967- _eauthor |
|
| 245 | 1 | 0 |
_aEveryday materials / _cRuth Owen. |
| 260 |
_aPoland : _bRuby Tuesday Books Ltd., _cc2016. |
||
| 300 |
_a32 p. : _bcol. ill. ; _c28 cm. |
||
| 490 | 1 |
_aFundamental Science ; _vKey Stage 1. |
|
| 500 | _aIncludes index. | ||
| 500 | _aPrinted in Poland by L&C Printing Group. | ||
| 504 | _aIncludes bibliographical references and index. | ||
| 505 | 0 |
_tWhat are materials -- _tLet's investigate properties -- _tWood from nature -- _tMaking paper -- _tLet's investigate paper -- _tRock in our world -- _tWhere does metal come from? -- _tHow we use metals -- _tMaking glass -- _tPlastic in our world -- _tBouncy, bendy rubber -- _tMaterials for clothes -- _tLet's test it! -- _tRecycling materials -- _tGlossary, index. |
|
| 520 | _aPacked with questions and answers, experiments and activities, this book brings STEM alive for Key Stage 1 readers. | ||
| 521 | 1 | _a010-013. | |
| 650 | 0 |
_aNature _xJuvenile literature. |
|
| 650 | 0 |
_aMaterials _vJuvenile literature. _2lsctt. |
|
| 650 | 0 |
_aPapers _vJuvenile literature. _2lcstt. |
|
| 650 | 0 |
_aRock and metals _vJuvenile literature. _2lcstt. |
|
| 650 | 0 |
_aPlastic and clothes. _2lcstt. |
|
| 650 | 0 |
_aRecyclying. _2lcstt. |
|
| 830 | 0 |
_aFundamental Science ; _vKey Stage 1. |
|
| 942 |
_2ddc _cNFIC |
||